[Event "Mediterranean-ch 13th"]
[Site "Platja d'Aro"]
[Date "2023.11.09"]
[Round "7"]
[White "Pla Almenar, Nel"]
[Black "De Lussac, Estephe"]
[Result "1-0"]
[WhiteElo "2079"]
[BlackElo "2013"]
[PlyCount "87"]
[EventDate "2023.11.04"]
[EventType "swiss"]
[EventRounds "9"]
[EventCountry "ESP"]
[SourceTitle "CB46_2023"]
[SourceDate "2023.11.15"]
[SourceVersion "1"]
[SourceVersionDate "2023.11.15"]
[SourceQuality "1"]

1. e4 c5 2. Nf3 d6 3. d4 cxd4 4. Nxd4 Nf6 5. Nc3 g6 6. Be3 Bg7 7. f3 0-0 8. Qd2 Nc6 9. 0-0-0 d5 10. Qe1 e5 11. Nxc6 bxc6 12. exd5 Nxd5 13. Bc4 Be6 14. Bc5 Re8 15. Ne4 Qc7 16. Kb1 Red8 17. g4 h6 18. g5 h5 19. Bb3 Nf4 20. Bd6 Rxd6 21. Nxd6 Bd5 22. Ne4 Kh8 23. Qc3 Qe7 24. Rhe1 Re8 25. h4 Qe6 26. Qc5 Qh3 27. Qf2 a5 28. Rh1 Qe6 29. Qa7 Ne2 30. Qxa5 Nd4 31. Rhf1 Bxb3 32. axb3 Rb8 33. Qc7 Ra8 34. Qb7 Ra5 35. Qb6 Ra8 36. c3 Nxb3 37. Rd8+ Rxd8 38. Qxd8+ Kh7 39. Rd1 Qc4 40. Nf6+ Bxf6 41. gxf6 Qa4 42. Qf8 Qa1+ 43. Kc2 Nd4+ 44. Rxd4 1-0

[Event "Mediterranean-ch 13th"]
[Site "Platja d'Aro"]
[Date "2023.11.07"]
[Round "5"]
[White "Fortuny Profitos, Jordi"]
[Black "De Lussac, Estephe"]
[Result "1/2-1/2"]
[WhiteElo "2135"]
[BlackElo "2013"]
[PlyCount "99"]
[EventDate "2023.11.04"]
[EventType "swiss"]
[EventRounds "9"]
[EventCountry "ESP"]
[SourceTitle "CB46_2023"]
[SourceDate "2023.11.15"]
[SourceVersion "1"]
[SourceVersionDate "2023.11.15"]
[SourceQuality "1"]

1. d4 d5 2. Bf4 Nf6 3. e3 Bg4 4. f3 Bd7 5. Bd3 c5 6. c3 Nc6 7. Nd2 Nh5 8. Bg5 h6 9. Bh4 g5 10. f4 Nxf4 11. exf4 gxh4 12. dxc5 a5 13. a4 Rg8 14. Qe2 Bg4 15. Ngf3 e6 16. Qf2 Bxf3 17. Nxf3 d4 18. cxd4 Bxc5 19. dxc5 Qxd3 20. Qe2 Qxe2+ 21. Kxe2 Rxg2+ 22. Ke3 Rd8 23. Nxh4 Rxb2 24. Rab1 Rdd2 25. f5 Rxh2 26. Rxh2 Rxb1 27. fxe6 fxe6 28. Ng6 Rb3+ 29. Ke4 Rc3 30. Rxh6 Rxc5 31. Nf4 Kd7 32. Rh7+ Kc8 33. Rh8+ Kd7 34. Rh7+ Kd6 35. Rxb7 Rc4+ 36. Ke3 Rxa4 37. Rb6 Rb4 38. Ra6 Rb3+ 39. Kd2 e5 40. Nd3 e4 41. Nc1 Rb4 42. Kc3 Kd5 43. Rxa5+ Nxa5 44. Kxb4 Kd4 45. Kxa5 Ke3 46. Kb4 Kd2 47. Kc4 e3 48. Nd3 e2 49. Kd4 e1B 50. Ne5 1/2-1/2

[Event "Mediterranean-ch 13th"]
[Site "Platja d'Aro"]
[Date "2023.11.05"]
[Round "3"]
[White "Domene Mulyukov, Alexander"]
[Black "De Lussac, Estephe"]
[Result "1-0"]
[WhiteElo "2198"]
[BlackElo "2013"]
[PlyCount "55"]
[EventDate "2023.11.04"]
[EventType "swiss"]
[EventRounds "9"]
[EventCountry "ESP"]
[SourceTitle "CB46_2023"]
[SourceDate "2023.11.15"]
[SourceVersion "1"]
[SourceVersionDate "2023.11.15"]
[SourceQuality "1"]

1. e4 d5 2. exd5 Qxd5 3. Nc3 Qd6 4. d4 Nf6 5. Nf3 a6 6. Bd3 Bg4 7. h3 Bh5 8. g4 Bg6 9. Ne2 Nbd7 10. Nf4 c5 11. d5 Bxd3 12. Qxd3 Ne5 13. Nxe5 Qxe5+ 14. Qe3 Qxe3+ 15. Bxe3 g5 16. Nh5 Nxd5 17. Bxg5 c4 18. 0-0-0 0-0-0 19. Rd4 Nb6 20. Be3 Re8 21. Re4 Kc7 22. Rd1 c3 23. Rd3 cxb2+ 24. Kxb2 Nc8 25. Bf4+ Kc6 26. Rc3+ Kd5 27. Re5+ Kd4 28. Kb3 1-0

[Event "Avoine op 34th"]
[Site "Avoine"]
[Date "2019.07.21"]
[Round "2"]
[White "Merenciano, Alexandre"]
[Black "De Lussac, Estephe"]
[Result "1-0"]
[WhiteElo "2198"]
[BlackElo "2025"]
[PlyCount "55"]
[EventDate "2019.07.20"]
[EventType "swiss"]
[EventRounds "9"]
[EventCountry "FRA"]
[SourceTitle "EXT 2020"]
[Source "ChessBase"]
[SourceDate "2019.10.17"]
[SourceVersion "1"]
[SourceVersionDate "2019.10.17"]
[SourceQuality "1"]

1. e4 c5 2. Nf3 d6 3. Bb5+ Nd7 4. Ba4 a6 5. c4 Ngf6 6. 0-0 e6 7. Nc3 Be7 8. d4 cxd4 9. Nxd4 0-0 10. Qe2 Qc7 11. f4 Nb6 12. Bb3 Nfd7 13. Be3 Nc5 14. Bc2 e5 15. Nf5 Bxf5 16. exf5 Bf6 17. fxe5 Bxe5 18. f6 g6 19. Qf2 Rfe8 20. Rae1 Re6 21. Bg5 Bxc3 22. bxc3 Qd8 23. h4 Nxc4 24. h5 Ne5 25. Qh4 Qf8 26. Rxe5 Rxe5 27. hxg6 h6 28. g7 1-0

[Event "Avoine op 34th"]
[Site "Avoine"]
[Date "2019.07.20"]
[Round "1"]
[White "De Lussac, Estephe"]
[Black "Grezels, Florian"]
[Result "1/2-1/2"]
[WhiteElo "2025"]
[BlackElo "2201"]
[PlyCount "77"]
[EventDate "2019.07.20"]
[EventType "swiss"]
[EventRounds "9"]
[EventCountry "FRA"]
[SourceTitle "EXT 2020"]
[Source "ChessBase"]
[SourceDate "2019.10.17"]
[SourceVersion "1"]
[SourceVersionDate "2019.10.17"]
[SourceQuality "1"]

1. e4 c5 2. Nf3 e6 3. d4 cxd4 4. Nxd4 Nc6 5. Nc3 Qc7 6. Be3 a6 7. Qf3 Nf6 8. Be2 Be7 9. 0-0 0-0 10. Rad1 d6 11. Qg3 Nxd4 12. Bxd4 Rd8 13. f4 b5 14. e5 dxe5 15. Bxe5 Qb6+ 16. Kh1 Rxd1 17. Rxd1 Bb7 18. Rd7 Bd8 19. Bd4 Qc6 20. Rxd8+ Rxd8 21. Bxf6 Qxg2+ 22. Qxg2 Bxg2+ 23. Kxg2 gxf6 24. Bd3 f5 25. Kf3 Kg7 26. Ke3 Kf6 27. Ne2 e5 28. fxe5+ Kxe5 29. Kf3 Rd6 30. Nf4 Rd4 31. Ng2 h5 32. h3 Rd8 33. Nh4 f4 34. Ng2 Rd6 35. a3 Rc6 36. Be4 Rd6 37. Bd3 Rc6 38. Be4 Rd6 39. Bd3 1/2-1/2

[Event "Avoine op 31st"]
[Site "Avoine"]
[Date "2016.07.23"]
[Round "1"]
[White "Giacomini, Hector"]
[Black "De Lussac, Estephe"]
[Result "1/2-1/2"]
[WhiteElo "2239"]
[BlackElo "1996"]
[PlyCount "81"]
[EventDate "2016.07.23"]
[EventType "swiss"]
[EventRounds "9"]
[EventCountry "FRA"]
[SourceTitle "CBM 173 Extra"]
[Source "ChessBase"]
[SourceDate "2016.08.29"]
[SourceVersion "1"]
[SourceVersionDate "2016.08.29"]
[SourceQuality "1"]

1. d4 Nf6 2. Nf3 g6 3. e3 Bg7 4. Be2 0-0 5. 0-0 d6 6. c4 Nbd7 7. Nc3 e5 8. Qc2 Qe7 9. b3 c6 10. Ba3 e4 11. Nd2 Re8 12. Rae1 h5 13. f3 exf3 14. Bxf3 c5 15. Nd5 Qd8 16. Bb2 cxd4 17. exd4 Rxe1 18. Rxe1 Nxd5 19. Bxd5 Nf6 20. Bf3 Bf5 21. Qc3 d5 22. h3 Rc8 23. c5 g5 24. Qe3 g4 25. hxg4 hxg4 26. Qg5 gxf3 27. Qxf5 fxg2 28. Re2 Rc6 29. Rxg2 Ne8 30. Nf3 Rf6 31. Qg4 Qa5 32. Qd7 Rxf3 33. Qxe8+ Kh7 34. Rh2+ Kg6 35. Rg2+ Kh7 36. Qe2 Rf6 37. Qh5+ Rh6 38. Qf5+ Kh8 39. Qc8+ Kh7 40. Qf5+ Kh8 41. Qc8+ 1/2-1/2

[Event "Cappelle op 32nd"]
[Site "Cappelle la Grande"]
[Date "2016.02.15"]
[Round "4"]
[White "De Lussac, Estephe"]
[Black "Kristensen, Kaare Hove"]
[Result "0-1"]
[WhiteElo "2027"]
[BlackElo "2335"]
[PlyCount "78"]
[EventDate "2016.02.13"]
[EventType "swiss"]
[EventRounds "9"]
[EventCountry "FRA"]
[SourceTitle "EXT 2017"]
[Source "ChessBase"]
[SourceDate "2016.10.25"]
[SourceVersion "1"]
[SourceVersionDate "2016.10.25"]
[SourceQuality "1"]

1. e4 c5 2. Nf3 Nf6 3. Nc3 d6 4. d4 cxd4 5. Nxd4 g6 6. Be3 Bg7 7. f3 a6 8. Qd2 Nbd7 9. 0-0-0 b5 10. g4 Bb7 11. h4 h5 12. g5 Nh7 13. f4 Nc5 14. Bg2 b4 15. Nd5 e6 16. Nxb4 Nxe4 17. Qe1 Qc7 18. Bg1 d5 19. Bh2 Qc4 20. Bf1 Qc5 21. Nb3 Qe7 22. Na5 0-0 23. Bg1 Rfb8 24. Bd4 Qc7 25. Nxb7 Bxd4 26. Rxd4 Qxf4+ 27. Kb1 Rxb7 28. Bxa6 Rxb4 29. Qxb4 Rxa6 30. Qb5 Ra8 31. Rhd1 Rb8 32. Qc6 Qxh4 33. a4 Qxg5 34. a5 Qe7 35. a6 Qa7 36. Ra4 Kg7 37. Ka1 Nhf6 38. b4 Nd7 39. Rd3 Ne5 0-1

[Event "Avoine op 30th"]
[Site "Avoine"]
[Date "2015.07.23"]
[Round "6"]
[White "De Lussac, Estephe"]
[Black "Malassagne, Raphael"]
[Result "0-1"]
[WhiteElo "1931"]
[BlackElo "2185"]
[PlyCount "118"]
[EventDate "2015.07.18"]
[EventType "swiss"]
[EventRounds "9"]
[EventCountry "FRA"]
[SourceTitle "EXT 2016"]
[Source "ChessBase"]
[SourceDate "2015.10.08"]
[SourceVersion "1"]
[SourceVersionDate "2015.10.08"]
[SourceQuality "1"]

1. e4 e6 2. d4 b6 3. Bd3 Bb7 4. Nf3 c5 5. Nc3 cxd4 6. Nxd4 Nc6 7. Nb3 Nf6 8. f4 Nb4 9. 0-0 Nxd3 10. cxd3 d5 11. e5 d4 12. Ne2 Ng4 13. Nexd4 Bc5 14. Qxg4 Bxd4+ 15. Kh1 0-0 16. Qe2 Rc8 17. Nd2 Rc2 18. Qd1 Qc7 19. Rb1 Rd8 20. Nf3 Ba6 21. Ne1 Rf2 22. Rxf2 Bxf2 23. Bd2 Qd7 24. Qf3 Bh4 25. Rc1 Bb7 26. Qe3 Bxe1 27. Bxe1 Qd5 28. Rc2 Qxa2 29. h3 h6 30. Kh2 Rd7 31. Bc3 Qb1 32. Rd2 Bd5 33. Bb4 Rc7 34. Bc3 Rc6 35. Qd4 g6 36. Qb4 Qf1 37. Kg3 Qe1+ 38. Kh2 Qh4 39. g3 Qd8 40. Qa3 a5 41. b4 Qc8 42. Rc2 a4 43. Rc1 b5 44. Kg1 Qc7 45. Kf2 Bb3 46. Qb2 Qa7+ 47. Ke2 Qd7 48. Bd2 Qd5 49. Rxc6 Qxc6 50. Be1 Qg2+ 51. Bf2 Qa8 52. h4 Kg7 53. Qa3 Qh1 54. Qb2 Bd1+ 55. Kd2 Qf3 56. Ke1 a3 57. Qa2 Ba4 58. Qe2 Qh1+ 59. Kd2 a2 0-1

[Event "Avoine op 30th"]
[Site "Avoine"]
[Date "2015.07.20"]
[Round "3"]
[White "Amarger, Vincent"]
[Black "De Lussac, Estephe"]
[Result "1-0"]
[WhiteElo "2082"]
[BlackElo "1931"]
[PlyCount "69"]
[EventDate "2015.07.18"]
[EventType "swiss"]
[EventRounds "9"]
[EventCountry "FRA"]
[SourceTitle "EXT 2016"]
[Source "ChessBase"]
[SourceDate "2015.10.08"]
[SourceVersion "1"]
[SourceVersionDate "2015.10.08"]
[SourceQuality "1"]

1. e4 c5 2. Nf3 e6 3. c3 d5 4. exd5 Qxd5 5. Na3 Nf6 6. Bc4 Qd8 7. Nc2 a6 8. a4 Be7 9. d4 cxd4 10. Ncxd4 Qc7 11. Qe2 0-0 12. 0-0 Bd6 13. Bd3 Re8 14. Bg5 Nbd7 15. Rad1 Bf4 16. Bb1 Bxg5 17. Nxg5 h6 18. Ngf3 Nc5 19. Qc4 Qe7 20. Rfe1 Qf8 21. Ne5 Nfd7 22. Ndf3 Nb6 23. Qd4 Ncxa4 24. Qe4 f5 25. Qc2 Nc5 26. b4 Ne4 27. Rxe4 Nd5 28. Ree1 b5 29. Nd4 g5 30. Ba2 Bb7 31. Nd7 Qd6 32. Nc5 Bc6 33. Nxc6 Qxc6 34. Rxe6 Rxe6 35. Nxe6 1-0

[Event "Avoine op 30th"]
[Site "Avoine"]
[Date "2015.07.19"]
[Round "2"]
[White "De Lussac, Estephe"]
[Black "Mevel, Alberic"]
[Result "0-1"]
[WhiteElo "1931"]
[BlackElo "2248"]
[PlyCount "86"]
[EventDate "2015.07.18"]
[EventType "swiss"]
[EventRounds "9"]
[EventCountry "FRA"]
[SourceTitle "EXT 2016"]
[Source "ChessBase"]
[SourceDate "2015.10.08"]
[SourceVersion "1"]
[SourceVersionDate "2015.10.08"]
[SourceQuality "1"]

1. e4 d5 2. exd5 Nf6 3. d4 Bg4 4. f3 Bf5 5. Bb5+ c6 6. dxc6 Qa5+ 7. Nc3 Nxc6 8. Bxc6+ bxc6 9. Qe2 0-0-0 10. Qc4 Kb7 11. Nge2 e5 12. dxe5 Qxe5 13. Qxf7+ Ka8 14. Qc4 Qc5 15. Qxc5 Bxc5 16. Na4 Bxc2 17. Nxc5 Rd1+ 18. Kf2 Rxh1 19. Nd4 Bg6 20. b4 Rd8 21. Bb2 Rxa1 22. Bxa1 Bf7 23. Nxc6 Rd2+ 24. Kg3 Nh5+ 25. Kh3 Rxa2 26. Be5 Re2 27. g4 Bd5 28. gxh5 Bxc6 29. f4 g5 30. hxg6 hxg6 31. Kh4 Rxh2+ 32. Kg5 Rg2+ 33. Kf6 Bb5 34. f5 gxf5 35. Kxf5 Rc2 36. Bd6 Rb2 37. Ne4 Bd3 38. Kf4 Bxe4 39. Kxe4 Rd2 40. Be5 Rd7 41. Bd4 Kb7 42. Kd3 Kc6 43. Kc4 a6 0-1

[Event "FRA-ch U18"]
[Site "Saint Paul Trois Chateaux"]
[Date "2013.04.28"]
[Round "1"]
[White "De Lussac, Estephe"]
[Black "Giroyan, Gary"]
[Result "0-1"]
[WhiteElo "1797"]
[BlackElo "2393"]
[PlyCount "58"]
[EventDate "2013.04.28"]
[EventType "swiss"]
[EventRounds "9"]
[EventCountry "FRA"]
[SourceTitle "CBM 154 Extra"]
[Source "ChessBase"]
[SourceDate "2013.06.25"]
[SourceVersion "2"]
[SourceVersionDate "2013.06.25"]
[SourceQuality "1"]

1. e4 c5 2. Nf3 d6 3. d4 cxd4 4. Nxd4 Nf6 5. Nc3 a6 6. Be2 Nbd7 7. 0-0 e6 8. Be3 b5 9. a4 b4 10. Nc6 Qc7 11. Nxb4 d5 12. Nbxd5 exd5 13. Nxd5 Nxd5 14. exd5 Bd6 15. h3 0-0 16. a5 Rb8 17. b3 Nc5 18. Bd4 Bf5 19. f4 Rfe8 20. Bg4 Be4 21. Qd2 Qb7 22. Qc3 f5 23. Bf3 Rbc8 24. Qb2 Bxd5 25. Bxd5+ Qxd5 26. c4 Qb7 27. Rf3 Ne6 28. Be5 Bxe5 29. Qxe5 Ng5 0-1